LEADER 01593oam 2200349z- 450 001 9910131717503321 005 20070330082423.0 035 $a(CKB)3460000000086799 035 $a(BIP)014953271 035 $a(EXLCZ)993460000000086799 100 $a20220209c2004uuuu -u- - 101 0 $aita 200 10$aContemplare l'ordine $eintellettuali e potenti dell'alto Medioevo /$fGermana Gandino 215 $a1 online resource (247 p.) 311 $a88-207-3689-6 311 $a88-207-5076-7 330 8 $aUn'immagine complessa ed imprevista racconta i rapporti tra i poteri nel Medioevo dei secoli VIII-XI. L'affermazione e la caduta delle e?lites stanno alla base di questa narrazione vissuta sulla testimonianza degli scrittori che punteggiano successi e fallimenti, mediazioni e scelte radicali della societa? medievale italiana ed europea. Cultura, potere, religione e religiosita?, politica e voltafaccia non abbandonano mai le personalita? di personaggi illustri o di contorno che tratteggiano il formarsi delle ideologie e delle fazioni. Un libro indimenticabile per metodo storico e distacco critico. 517 $aContemplare l'ordine 606 $aCivilization, Medieval 606 $aMiddle Ages 607 $aEurope$xHistory$y476-1492 607 $aEurope$xIntellectual life 610 $aWorld history 610 $aHistory 615 0$aCivilization, Medieval. 615 0$aMiddle Ages. 676 $a940.1 700 $aGandino$b Germana$0526287 906 $aBOOK 912 $a9910131717503321 996 $aContemplare l'ordine$91104261 997 $aUNINA LEADER 03228nam 22007215 450 001 9910299301403321 005 20250723101809.0 010 $a3-030-01653-6 024 7 $a10.1007/978-3-030-01653-1 035 $a(CKB)4100000006674945 035 $a(DE-He213)978-3-030-01653-1 035 $a(MiAaPQ)EBC6303181 035 $a(PPN)230540031 035 $a(EXLCZ)994100000006674945 100 $a20180925d2018 u| 0 101 0 $aeng 135 $aurnn|008mamaa 181 $ctxt$2rdacontent 182 $cc$2rdamedia 183 $acr$2rdacarrier 200 10$aNew Trends in Information and Communications Technology Applications $eThird International Conference, NTICT 2018, Baghdad, Iraq, October 2?4, 2018, Proceedings /$fedited by Safaa O. Al-mamory, Jwan K. Alwan, Ali D. Hussein 205 $a1st ed. 2018. 210 1$aCham :$cSpringer International Publishing :$cImprint: Springer,$d2018. 215 $a1 online resource (XII, 299 p. 123 illus.) 225 1 $aCommunications in Computer and Information Science,$x1865-0937 ;$v938 311 08$a3-030-01652-8 327 $aComputer Networks -- System and Network Security -- Machine Learning -- Intelligent Control System -- Communication Applications -- Computer Vision -- E-learning. 330 $aThis book constitutes the refereed proceedings of the Third International Conference on New Trends in Information and Communications Technology Applications, NTICT 2018, held in Baghdad, Iraq, in October 2018. The 18 papers presented were carefully reviewed and selected from 86 submissions. The papers are organized in topical sections, namely: Computer networks; system and network security; machine learning; intelligent control system; communication applications; computer vision; and e-learning. 410 0$aCommunications in Computer and Information Science,$x1865-0937 ;$v938 606 $aComputer engineering 606 $aComputer networks 606 $aData mining 606 $aArtificial intelligence 606 $aComputer vision 606 $aSoftware engineering 606 $aComputer Engineering and Networks 606 $aData Mining and Knowledge Discovery 606 $aArtificial Intelligence 606 $aComputer Vision 606 $aSoftware Engineering 615 0$aComputer engineering. 615 0$aComputer networks. 615 0$aData mining. 615 0$aArtificial intelligence. 615 0$aComputer vision. 615 0$aSoftware engineering. 615 14$aComputer Engineering and Networks. 615 24$aData Mining and Knowledge Discovery. 615 24$aArtificial Intelligence. 615 24$aComputer Vision. 615 24$aSoftware Engineering. 676 $a006.3 676 $a004.6 702 $aAl-mamory$b Safaa O$4edt$4http://id.loc.gov/vocabulary/relators/edt 702 $aAlwan$b Jwan K$4edt$4http://id.loc.gov/vocabulary/relators/edt 702 $aHussein$b Ali D$4edt$4http://id.loc.gov/vocabulary/relators/edt 801 0$bMiAaPQ 801 1$bMiAaPQ 801 2$bMiAaPQ 906 $aBOOK 912 $a9910299301403321 996 $aNew Trends in Information and Communications Technology Applications$91922169 997 $aUNINA